Inovácia pre školy, žiakov i rodičov

Inovačný výchovno-vzdelávací projekt pre základné školy a osemročné gymnáziá Tatranská alternatívna škola (TAŠ). Čo je obsahom projektu. Vyučovanie cudzieho jazyka. Komunita ako špecifická vyučovacia jednotka. Vyučovacia jednotka. Popoludňajší školský klub. Nové povinné predmety.

Salvato in:
Dettagli Bibliografici
Autore principale: Marušincová, Eva
Natura: Capitolo di libro
Lingua:slovacco
Soggetti:
Tags: Aggiungi Tag
Nessun Tag, puoi essere il primo ad aggiungerne!!

MARC

LEADER 00000naa$a2200000$$$4500
001 0038472
005 20231016085011.9
041 0 |a slo 
044 |a SK 
245 1 0 |a Inovácia pre školy, žiakov i rodičov  |c Eva Marušincová 
520 |a Inovačný výchovno-vzdelávací projekt pre základné školy a osemročné gymnáziá Tatranská alternatívna škola (TAŠ). Čo je obsahom projektu. Vyučovanie cudzieho jazyka. Komunita ako špecifická vyučovacia jednotka. Vyučovacia jednotka. Popoludňajší školský klub. Nové povinné predmety. 
610 2 0 |a školy 
610 2 0 |a školy základné 
610 2 0 |a školy stredné 
610 2 0 |a inovácia 
610 2 0 |a predmety učebné 
610 2 0 |a jazyky cudzie 
610 2 0 |a projekty 
100 1 |a Marušincová, Eva